000 00324nam a22001457a 4500
008 210528b ||||| |||| 00| 0 eng d
020 _a0471035149
041 _aeng
080 _22nd
_a616
082 _a616
100 _a9
101 _aPAT
245 _aImmunopathology of the Skin
_cErnst H. Beutner
942 _2udc
_cBK
999 _c57790
_d57790